Hospodárska súťaž a jej ochrana v trestnom práve
Všeobecná charakteristika práva hospodárskej súťaže. Trestnoprávna regulácia hospodárskej súťaže podľa Trestného zákona.
Uložené v:
| Hlavný autor: | |
|---|---|
| Ďalší autori: | |
| Médium: | Kapitola |
| Jazyk: | Slovak |
| Predmet: | |
| Tagy: |
Žiadne tagy, Buďte prvý, kto otaguje tento záznam!
|
MARC
| LEADER | 00000naa a2200000 4500 | ||
|---|---|---|---|
| 001 | 0129850 | ||
| 005 | 20231208095520.5 | ||
| 041 | 0 | |a slo | |
| 044 | |a SK | ||
| 245 | 1 | 0 | |a Hospodárska súťaž a jej ochrana v trestnom práve |c Vilimam Janáč, Lucia Kurilovská |
| 520 | |a Všeobecná charakteristika práva hospodárskej súťaže. Trestnoprávna regulácia hospodárskej súťaže podľa Trestného zákona. | ||
| 610 | 2 | 0 | |a Slovensko |
| 610 | 2 | 0 | |a súťaž hospodárska |
| 610 | 2 | 0 | |a ochrana trhu |
| 610 | 2 | 0 | |a regulácia |
| 610 | 2 | 0 | |a činnosť trestná |
| 610 | 2 | 0 | |a legislatíva |
| 100 | 1 | |a Janáč, Viliam | |
| 700 | 1 | |a Kurilovská, Lucia | |